Normal view
MARC view
- SMITH,M.LESLEY
Entry Personal Name
001 - CONTROL NUMBER
- control field: 133740
003 - CONTROL NUMBER IDENTIFIER
- control field: NUST
005 - DATE AND TIME OF LATEST TRANSACTION
- control field: 20260316123519.0
008 - FIXED-LENGTH DATA ELEMENTS
- fixed length control field: 260316|| aca||aabn | a|a d
040 ## - CATALOGING SOURCE
- Original cataloging agency: NUST
- Transcribing agency: NUST
100 ## - HEADING--PERSONAL NAME
- Personal name: SMITH,M.LESLEY
670 ## - SOURCE DATA FOUND
- Source citation: Work cat.: (NUST)616619: SMITH,M.LESLEY., THE MAKING OF BRITAIN THE MIDDLE AGES /, 1985.
